مكتبة جامعة عجلون الوطنية

فهرس بحث المكتبة

Nutrition in clinical practice / (Record no. 33612)

MARC details
000 -LEADER
fixed length control field 02919cam a2200385 i 4500
001 - CONTROL NUMBER
control field 22178085
003 - CONTROL NUMBER IDENTIFIER
control field JO-AjAnu
005 - DATE AND TIME OF LATEST TRANSACTION
control field 20240805105815.0
008 - FIXED-LENGTH DATA ELEMENTS--GENERAL INFORMATION
fixed length control field 210816s2022 paua b 001 0 eng
010 ## - LIBRARY OF CONGRESS CONTROL NUMBER
LC control number 2021038956
020 ## - INTERNATIONAL STANDARD BOOK NUMBER
International Standard Book Number 9781975161491
Qualifying information (paperback)
020 ## - INTERNATIONAL STANDARD BOOK NUMBER
Canceled/invalid ISBN 9781975161514
Qualifying information (ebook)
040 ## - CATALOGING SOURCE
Original cataloging agency DLC
Language of cataloging eng
Description conventions rda
Transcribing agency DLC
Modifying agency DLC
-- JO-AjAnu
042 ## - AUTHENTICATION CODE
Authentication code pcc
050 00 - LIBRARY OF CONGRESS CALL NUMBER
Classification number RM216
Item number .K37 2022
082 00 - DEWEY DECIMAL CLASSIFICATION NUMBER
Classification number 615.8/54
Edition number 23
084 ## - OTHER CLASSIFICATION NUMBER
Classification number MED045000
Number source bisacsh
100 1# - MAIN ENTRY--PERSONAL NAME
Personal name Katz, David L.,
Dates associated with a name 1963-
Relator term author.
245 10 - TITLE STATEMENT
Title Nutrition in clinical practice /
Statement of responsibility, etc. David L. Katz, MD, MPH, FACPM, FACP, FACLM, Founding Director of Yale University's Yale-Griffin Prevention Research Center, Past-President of the American College of Lifestyle Medicine, Founder/President of the True Health Initiative, Founder/CEO of Diet ID, Inc., Hamden, CT, Kofi D. Essel, MD, MPH, FAAP, Attending Physician, Children's Health Center at Anacostia-Goldberg Center for Community Pediatric Health Children's National Hospital Assistant Professor of Pediatrics Director, GW Culinary Medicine Program Director, Community/Urban Health Scholarly Concentration, The George Washington University School of Medicine and Health Sciences, Washington, DC., Rachel S.C. Friedman, MD, Kaiser Permanente Medical Group, Santa Rosa, CA, Shivam Joshi, MD, Department of Medicine New York University Grossman School of Medicine, New York, New York, Department of Medicine NYC Health + Hospitals/Bellevue, New York, New York, Joshu Levitt, ND, Medicatrix, LLC, Hamden, CT, Ming-Chin Yeh, PhD, Professor, Nutrition Program Hunter College, City University of New York, New York.
250 ## - EDITION STATEMENT
Edition statement Fourth edition.
264 #1 - PRODUCTION, PUBLICATION, DISTRIBUTION, MANUFACTURE, AND COPYRIGHT NOTICE
Place of production, publication, distribution, manufacture Philadelphia :
Name of producer, publisher, distributor, manufacturer Wolters Kluwer,
Date of production, publication, distribution, manufacture, or copyright notice [2022]
300 ## - PHYSICAL DESCRIPTION
Extent xxiii, 854 pages :
Other physical details illustrations ;
Dimensions 26 cm
336 ## - CONTENT TYPE
Content type term text
Content type code txt
Source rdacontent
337 ## - MEDIA TYPE
Media type term unmediated
Media type code n
Source rdamedia
338 ## - CARRIER TYPE
Carrier type term volume
Carrier type code nc
Source rdacarrier
504 ## - BIBLIOGRAPHY, ETC. NOTE
Bibliography, etc. note Includes bibliographical references and index.
520 ## - SUMMARY, ETC.
Summary, etc. "Introduction Carbohydrate represents the predominant form of all plant matter and is thus a principal dietary source of energy for humans in nearly every culture. Food plants are composed principally of sugars, starches - the carbohydrate energy reserve in plants, cellulose, and other components. Generally, between 40% and 70% of calories are derived from carbohydrate among human populations, with higher amounts prevailing in less developed countries. In contrast, Artic peoples derive most of their food from animals and eat little carbohydrate"--
Assigning source Provided by publisher.
650 #0 - SUBJECT ADDED ENTRY--TOPICAL TERM
Topical term or geographic name entry element Diet therapy.
650 #0 - SUBJECT ADDED ENTRY--TOPICAL TERM
Topical term or geographic name entry element Diet in disease.
650 #0 - SUBJECT ADDED ENTRY--TOPICAL TERM
Topical term or geographic name entry element Nutrition.
650 #7 - SUBJECT ADDED ENTRY--TOPICAL TERM
Topical term or geographic name entry element MEDICAL / Internal Medicine
Source of heading or term bisacsh
906 ## - LOCAL DATA ELEMENT F, LDF (RLIN)
a 7
b cbc
c orignew
d 1
e ecip
f 20
g y-gencatlg
942 ## - ADDED ENTRY ELEMENTS (KOHA)
Source of classification or shelving scheme Library of Congress Classification
Koha item type Books
Suppress in OPAC No
Holdings
Withdrawn status Lost status Source of classification or shelving scheme Damaged status Not for loan Home library Current library Date acquired Total Checkouts Full call number Barcode Date last seen Price effective from Koha item type
    Library of Congress Classification     مكتبة جامعة عجلون الوطنية مكتبة جامعة عجلون الوطنية 05/08/2024   RM216.K37 2022 e3821 05/08/2024 05/08/2024 Books
    Library of Congress Classification     مكتبة جامعة عجلون الوطنية مكتبة جامعة عجلون الوطنية 05/08/2024   RM216.K37 2022 e3822 05/08/2024 05/08/2024 Books